MARC details
| 000 -CABECERA |
| campo de control de longitud fija |
04963nam a2200481Ia 4500 |
| 001 - NÚMERO DE CONTROL |
| campo de control |
dia_6236 |
| 003 - IDENTIFICADOR DEL NÚMERO DE CONTROL |
| campo de control |
CHAP |
| 005 - FECHA Y HORA DE LA ÚLTIMA TRANSACCIÓN |
| campo de control |
20240805124635.0 |
| 007 - CAMPO FIJO DE DESCRIPCIÓN FÍSICA--INFORMACIÓN GENERAL |
| campo de control de longitud fija |
ta |
| 008 - DATOS DE LONGITUD FIJA--INFORMACIÓN GENERAL |
| campo de control de longitud fija |
220601s2016 mx ao frm 001 0 spa d |
| 040 ## - FUENTE DE LA CATALOGACIÓN |
| Centro catalogador/agencia de origen |
mxchpua |
| Centro/agencia transcriptor |
CHAP |
| 041 0# - CÓDIGO DE LENGUA |
| Código de lengua del texto/banda sonora o título independiente |
spa |
| Código de lengua del sumario o resumen |
eng |
| 090 ## - LOCALMENTE ASIGNADO TIPO-LC NÚMERO DE CLASIFICACIÓN (OCLC); NÚMERO DE CLASIFICACIÓN LOCAL (RLIN) |
| Número de clasificación (OCLC) (R) ; Numero de clasificación, CALL (RLIN) (NR) |
Tesis |
| Número cutter local (OCLC) ; Número de libro/Signatura topográfica íntegra, CALL (RLIN) |
A46 |
| año |
2016 |
| 100 1# - ENTRADA PRINCIPAL--NOMBRE DE PERSONA |
| Nombre de persona |
Alonso Sánchez, Andrés |
| 240 10 - TÍTULO UNIFORME |
| Título uniforme |
Implementation of terms of reference for the use of trademark official Mexico Supreme Quality in tomato. |
| Lenguaje de la obra |
Español |
| 245 10 - MENCIÓN DE TÍTULO |
| Título |
Implementación de pliego de condiciones para el uso de la marca oficial México Calidad Suprema en tomate / |
| Mención de responsabilidad, etc. |
Andrés Alonso Sánchez |
| 264 ## - PRODUCCIÓN, PUBLICACIÓN, DISTRIBUCIÓN, FABRICACIÓN Y COPYRIGHT |
| Producción, publicación, distribución, fabricación y copyright |
Chapingo, México : |
| Nombre del de productor, editor, distribuidor, fabricante |
El autor, |
| Fecha de producción, publicación, distribución, fabricación o copyright |
2016 |
| 300 ## - DESCRIPCIÓN FÍSICA |
| Extensión |
92 hojas : |
| Otras características físicas |
ilustraciones, diagramas, tablas, fotos + |
| Material acompañante/anejo |
1 CD-ROM |
| 336 ## - TIPO DE CONTENIDO |
| Fuente |
rdacontent |
| Término de tipo de contenido |
texto |
| Código de tipo de contenido |
txt |
| 337 ## - TIPO DE MEDIO |
| Fuente |
rdamedia |
| Nombre/término del tipo de medio |
no mediado |
| Código del tipo de medio |
n |
| 338 ## - TIPO DE SOPORTE |
| Fuente |
rdacarrier |
| Nombre/término del tipo de soporte |
volumen |
| Código del tipo de soporte |
nc |
| 500 ## - NOTA GENERAL |
| Nota general |
El CD contiene reporte |
| 502 ## - NOTA DE TESIS |
| Nota de tesis |
Memoria de Experiencia Profesional |
| Tipo de título |
(Ingeniero Agroindustrial) -- |
| Nombre de la institución que otorga el título |
UACh, Departamneto de Ingeniería Agroindustrial, |
| Año de obtención del título |
2016 |
| 504 ## - NOTA DE BIBLIOGRAFÍA, ETC. |
| Nota de bibliografía, etc. |
Bibliografía: hojas 60-61 |
| 520 3# - SUMARIO, ETC. |
| Sumario, etc. |
La presente experiencia profesional aborda la implementación del pliego de condiciones para el uso de sello oficial Mexico Calidad Suprema para tomate, PC-020-TOMATE-2005, por lo que se expone el proceso de implementación como experiencia profesional, se proponen algunas recomendaciones y conclusiones al respecto. El proceso de la implementación se compone de distintas etapas que implican: 1.- Diagnóstico, identificar las condiciones reales de la organización; 2.- Plan de acción, el cual contempla el desarrollo documental, capacitación sobre el llenado de los documentos y las mejoras en la infraestructura fisica; 3.- La implantación del sistema, por medio de visitas de seguimiento donde se capacita y prepara al personal en lo requerido por el pliego, posteriormente; 4.- La preevaluación del sistema con personal competente y con experiencia en la evaluación de la conformidad, para identificar posibles mejoras basado en el pliego de condiciones en cuestión, una vez corregida los hallazgos se procede a realizar; 5.- La evaluacion de la conformidad con personal procedente de un organismo de certificación, donde se presenta el informe con las acciones correctivas derivadas de la misma, si las hubiera para la emisión del certificado, y finalmente; 6.- La mejora el sistema en apoyo del analisis estadistico que arroja la implementacion del sistema para satisfacción del cliente/comprador. Para analizar los posibles factores que pueden intervenir en el resultado de la implementación se comparan dos experiencias en distintas empresas con la misma metodología y distinto organismo de certificación -- |
| 520 3# - SUMARIO, ETC. |
| Sumario, etc. |
This expertise addresses the implementation of the specifications for the use of official seal México Calidad Suprema for tomato, PC-020-TOMATO-2005, so that the implementation process as experience is exposed, some recommendations and conclusions are proposed about. The implementation process consists of several steps involving: 1. Diagnosis, identifying the actual conditions of the organization; 2. Action Plan, which includes the documentary development, training on filling of documents and improvements in physical infrastructure; 3. The implementation of the system, through follow-up visits where he trains and prepares the personnel required by the specifications, then; 4. The pre-assessment system with competent and experienced personnel in conformity assessment, to identify possible improvements based on the specification in question, once corrected findings proceed to perform; 5. The evaluation of compliance with personnel from a certification body, where the report is submitted corrective actions arising therefrom, if any for the issuance of the certificate, and finally; 6. Improving the system in support of statistical analysis that casts the implementation of the system for customer satisfaction / buyer. To analyze the possible factors that may be involved in implementing the outcome of two experiences are compared in different companies with the same methodology and other certification body. |
| 650 13 - PUNTO DE ACCESO ADICIONAL DE MATERIA--TÉRMINO DE MATERIA |
| Término de materia o nombre geográfico como elemento de entrada |
Tomate |
| Subdivisión general |
Certificación de producto |
| Fuente del encabezamiento o término |
atg |
| 650 13 - PUNTO DE ACCESO ADICIONAL DE MATERIA--TÉRMINO DE MATERIA |
| Término de materia o nombre geográfico como elemento de entrada |
Industria de productos hortícolas |
| Subdivisión general |
Certificación |
| Fuente del encabezamiento o término |
atg |
| 650 13 - PUNTO DE ACCESO ADICIONAL DE MATERIA--TÉRMINO DE MATERIA |
| Término de materia o nombre geográfico como elemento de entrada |
Inocuidad alimentaria |
| Fuente del encabezamiento o término |
atg |
| 650 13 - PUNTO DE ACCESO ADICIONAL DE MATERIA--TÉRMINO DE MATERIA |
| Término de materia o nombre geográfico como elemento de entrada |
Tomatoes |
| Subdivisión general |
Product certification |
| Fuente del encabezamiento o término |
atg |
| 650 13 - PUNTO DE ACCESO ADICIONAL DE MATERIA--TÉRMINO DE MATERIA |
| Término de materia o nombre geográfico como elemento de entrada |
Horticultural products industry |
| Subdivisión general |
Certification |
| Fuente del encabezamiento o término |
atg |
| 650 13 - PUNTO DE ACCESO ADICIONAL DE MATERIA--TÉRMINO DE MATERIA |
| Término de materia o nombre geográfico como elemento de entrada |
Food safety |
| Fuente del encabezamiento o término |
atg |
| 700 1# - PUNTO DE ACCESO ADICIONAL--NOMBRE DE PERSONA |
| Nombre de persona |
Velázquez Castillo, Alejandra |
| Término indicativo de función/relación |
directora |
| 700 1# - PUNTO DE ACCESO ADICIONAL--NOMBRE DE PERSONA |
| Nombre de persona |
Morales Santos, Tayde |
| Término indicativo de función/relación |
asesora |
| 700 1# - PUNTO DE ACCESO ADICIONAL--NOMBRE DE PERSONA |
| Nombre de persona |
Rivera Salvador, Víctor |
| Término indicativo de función/relación |
asesor |
| 856 41 - LOCALIZACIÓN Y ACCESO ELECTRÓNICOS |
| Identificador Uniforme del Recurso |
<a href="http://10.13.5.2/tesis/sist112539.pdf">http://10.13.5.2/tesis/sist112539.pdf</a> |
| Texto de enlace |
DESCARGAR PDF |
| 901 ## - ELEMENTOS DE DATOS A LOCAL LDA (RLIN) |
| a |
TESIS A46 2016 |
| 942 ## - ELEMENTOS DE PUNTO DE ACCESO ADICIONAL (KOHA) |
| Tipo de ítem Koha |
TESIS |
| Fuente del sistema de clasificación o colocación |
Clasificación Universidad Autónoma Chapingo |
| 902 ## - ELEMENTOS DE DATOS B LOCAL, LDB (RLIN) |
| a |
M |
| 905 ## - ELEMENTOS DE DATOS E LOCAL, LDE (RLIN) |
| a |
5232272016 mx nmdl8223123322spa16 |